A Fossil Gerrhosaur from the Miocene of Kenya (Reptilis: Cordylidae) /

Hlavní autor: Estes, Richard, 1927-2021
Jazyk: Angličtina
Vydáno: Cambridge : Museum of Comparative Zoology, 1962
Edice: Breviora
Fyzický popis: 10 s.
Knihy
Uloženo v:
LEADER 00737nam a22002292a 4500
001 001634474
003 CZ BrMZK
005 20180809095438.0
007 ta
008 180618s1962 xxu er|||||||||||eng d
040 |a BOA001  |b cze  |e aacr2 
100 1 |a Estes, Richard,  |d 1927-2021  |7 jo2006324854  |4 dis 
245 1 2 |a A Fossil Gerrhosaur from the Miocene of Kenya (Reptilis: Cordylidae) /  |c Richard Estes 
260 |a Cambridge :  |b Museum of Comparative Zoology,  |c 1962 
300 |a 10 s. 
490 1 |a Breviora ;  |v nr. 158 
504 |a Obsahuje bibliografii 
830 0 |a Breviora 
910 |a BOA001  |b X-0517.901 
990 |a BK 
991 |b 201806 
996 7 |b 2618944193  |c X-0517.901  |l MZK  |r Sklad / do 24 hodin  |n 0  |w 001670362  |u 000010  |a 1  |e BOA001  |j MZK50  |s A